000 01507na a2200421 4500
999 _c5075
_d5075
001 20332
003 MIRAKIL
005 20201228151244.0
008 170118b tu 000 0
035 _a20332
040 _aMilas
_btur
_cTR-AnCHP
041 _atur
082 _aCHP 324.2372026
_bC36y 2001
090 _aCHP 324.2372026 C36y 2001
110 _aCumhuriyet Halk Partisi (CHP)
222 _aYönetmelikler
245 _aKadın kolları yönetmeliği
_b2001
_cCHP
246 _aCHP Kadın kolları yönetmeliği
246 _aCHP 2001 yönetmelikleri
246 _aCumhuriyet Halk Partisi yönetmelik
246 _aCHP 2001 yönetmeliği
246 _aCHP yönetmeliği
260 _aAnkara
_bCHP
_c2001
300 _a12 s.
_c21x10 sm.
440 _aCumhuriyet Halk Partisi yayınları
_pYönetmelikler
500 _aKütüphaneciden çevrimdışı versiyonu sağlanabilir.
610 _aCumhuriyet Halk Partisi (CHP)
_xHukuk ve mevzuat
_yYönetmelikler
610 _aCumhuriyet Halk Partisi (CHP)
_bKadın Kolları
_xYönetmelikler, 2001
651 _aTürkiye
_xSiyaset ve yönetim
_y2001-2003
740 _a2001 CHP Kadın kolları yönetmeliği
740 _a2001 Kadın Kolları yönetmeliği
740 _a2001 CHP Kadın Kolları yönetmelikleri
830 _aCHP yönetmelikleri
942 _2ddc
_cBKS
999 _d5075